Loading...
| Science - Other | 0 | 3 | 0 | 1 | 30 | 100 | 114.67 | 0 | 0 | 0.00 | 0.00 |
| Mythology | 0 | 3 | 0 | 1 | 30 | 112 | 133.67 | 0 | 0 | 0.00 | 0.00 |
| Other | 0 | 3 | 0 | 1 | 30 | 45 | 106.00 | 0 | 1 | 0.00 | 0.00 |
| Fine Arts - Classical Music | 0 | 4 | 3 | 1 | 25 | 108 | 119.00 | 1 | 1 | 0.00 | 0.00 |
| History - Other | 0 | 2 | 0 | 0 | 20 | 114 | 123.50 | 0 | 0 | 0.00 | 0.00 |
| Science - Chemistry | 0 | 2 | 0 | 0 | 20 | 108 | 109.50 | 0 | 0 | 0.00 | 0.00 |
| Fine Arts - Other | 0 | 2 | 1 | 0 | 15 | 129 | 142.00 | 0 | 1 | 0.00 | 0.00 |
| Fine Arts - Painting & Sculpture | 0 | 1 | 0 | 0 | 10 | 134 | 134.00 | 0 | 0 | 0.00 | 0.00 |
| Literature - World | 0 | 1 | 0 | 1 | 10 | 135 | 135.00 | 0 | 0 | 0.00 | 0.00 |
| Philosophy | 0 | 1 | 0 | 0 | 10 | 141 | 141.00 | 0 | 0 | 0.00 | 0.00 |
| Science - Biology | 0 | 1 | 0 | 1 | 10 | 135 | 135.00 | 0 | 0 | 0.00 | 0.00 |
| Religion | 0 | 1 | 1 | 0 | 5 | 128 | 128.00 | 0 | 0 | 0.00 | 0.00 |
| History - World | 0 | 0 | 0 | 0 | 0 | 0.00 | 0 | 0 | 0.00 | 0.00 |